Centre-state relations in financing education in India (Record no. 477197)

000 -LEADER
fixed length control field 00529cam a22001457a 4500
008 - FIXED-LENGTH DATA ELEMENTS--GENERAL INFORMATION
fixed length control field 180718b1984 xxu||||| |||| 00| 0 eng d
082 ## - DEWEY DECIMAL CLASSIFICATION NUMBER
Classification number P04x54 N213c
100 ## - MAIN ENTRY--PERSONAL NAME
Personal name Tilak, J.B.G.
245 ## - TITLE STATEMENT
Title Centre-state relations in financing education in India
Statement of responsibility, etc. by J.B.G. Tilak
260 ## - PUBLICATION, DISTRIBUTION, ETC.
Place of publication, distribution, etc. New Delhi
Name of publisher, distributor, etc. National Institute of Educational Planning and Administration
Date of publication, distribution, etc. 1984
300 ## - PHYSICAL DESCRIPTION
Extent 35p.
650 ## - SUBJECT ADDED ENTRY--TOPICAL TERM
Topical term or geographic name entry element Federalaid - India
650 ## - SUBJECT ADDED ENTRY--TOPICAL TERM
Topical term or geographic name entry element Education - Finance - India
700 ## - ADDED ENTRY--PERSONAL NAME
Personal name National Institute of Educational Planning and Administration
Holdings
Withdrawn status Lost status Damaged status Not for loan Permanent Location Current Location Date acquired Full call number Barcode Date last seen Price effective from Koha item type
        Indian Institute of Public Administration Indian Institute of Public Administration 2018-08-04 P04x54 N213c GR11662 2018-08-04 2018-08-04 GR

Powered by Koha